Major Watrin /

Hlavní autor: Lanoux, Armand, 1913-1983
Další autoři: Veselá, Marie
Jazyk: Čeština
Vydáno: Praha : Naše vojsko, 1960
Vydání: 1. vyd.
Edice: Knihovna vojáka (Naše vojsko)
Externí odkaz: Digitalizovaný dokument
Fyzický popis: 251 s.
Knihy
Uloženo v:
LEADER 01187nam a22003252a 4500
001 001213769
003 CZ BrMZK
005 20140801110642.0
007 ta
008 120518s1960 xr er|||||||||||cze d
015 |a cnb000470847 
035 |a (OCoLC)85329216 
040 |a ABA001  |b cze  |c HKA001  |d ABA001 
041 1 |a cze  |h fre 
080 9 |a 840-311.6-311.1 
100 1 |a Lanoux, Armand,  |d 1913-1983  |7 xx0002741  |4 aut 
245 1 0 |a Major Watrin /  |c Armand Lanoux ; z francouzského originálu ... přeložila Marie Veselá ; Ivo Fleischmann: Nový autor, doslov 
250 |a 1. vyd. 
260 |a Praha :  |b Naše vojsko,  |c 1960 
300 |a 251 s. 
490 1 |a Knihovna vojáka ;  |v sv. 146 
500 |a Dostupné též v digitální podobě v aplikaci Kramerius 
700 1 |a Veselá, Marie  |4 trl 
765 0 |t Commandant Watrin  |9 Česky 
830 0 |a Knihovna vojáka (Naše vojsko)  |0 s 
856 4 1 |u http://www.digitalniknihovna.cz/mzk/uuid/uuid:2e7610d0-a85a-11e4-94a8-005056827e51  |y Digitalizovaný dokument  |x NDK 
910 |a BOA001  |b 2-0431.644 
990 |a BK 
991 |b 201205 
996 6 |b 2619446356  |c 2-0431.644  |l MZK  |r Sklad / do 24 hodin  |n 3  |w 001247616  |u 000010  |a 1  |e BOA001  |j MZK50  |s P